00622nam a2200241Ia 450000500170000000800460001702000180006303700100008104000080009104000080009904000080010704100080011504100080012308400080013110000250013924500510016424500670021526000230028226000090030536500050031436500080031985600530032720260324143652.0008 260324s9999 xx 000 0 eng d a9781315748269 aEBOOK aCRL beng cCRL 2eng aeng qCRL aMurray G. H. Pittock 4aThe Invention of Scotland (Routledge Revivals) 4bThe Stuart Myth and the Scottish Identity, 1638 to the Present bTaylor and Francis c1991 a b240 uhttp://www.taylorfrancis.com/books/9781315748269